[Event "SUI-chT"]
[Site "Switzerland"]
[Date "1996.??.??"]
[Round "2"]
[White "Herzog, Juerg"]
[Black "Keller, Rudolf"]
[Result "1/2-1/2"]
[WhiteElo "2310"]
[BlackElo "2280"]
[PlyCount "128"]
[EventDate "1996.??.??"]
[EventType "team-tourn"]
[EventRounds "9"]
[EventCountry "SUI"]
[SourceTitle "CBM 055 Extra"]
[Source "ChessBase"]
[SourceDate "1997.01.01"]
[SourceVersion "1"]
[SourceVersionDate "1997.01.01"]
[SourceQuality "1"]

1. d4 d5 2. c4 c6 3. cxd5 cxd5 4. Nf3 Nf6 5. Nc3 g6 6. e3 Bg7 7. Be2 Nc6 8. 0-0 0-0 9. a3 a6 10. b4 Bf5 11. Qb3 Rc8 12. Bb2 Qd6 13. Rfd1 Rfd8 14. h3 b5 15. Ne1 e5 16. dxe5 Nxe5 17. a4 Nc4 18. Bxc4 Rxc4 19. axb5 axb5 20. Ra5 Rxb4 21. Qa2 Qc6 22. Ne2 Qc4 23. Nd4 Qxa2 24. Rxa2 Ra4 25. Rxa4 bxa4 26. Nxf5 gxf5 27. Nc2 Ne4 28. Bxg7 Kxg7 29. Na3 Nc3 30. Rd3 Rc8 31. f3 Kf6 32. Kf2 Rc5 33. Rd4 Rc6 34. Rb4 Ke6 35. Ke1 Kd6 36. Kd2 Rc5 37. Kd3 Kc6 38. Rh4 Kb6 39. Rxh7 Nb5 40. Nxb5 Kxb5 41. Rxf7 a3 42. Ra7 Kb4 43. g4 fxg4 44. hxg4 Kb3 45. Rb7+ Ka4 46. Ra7+ Kb3 47. Rb7+ Ka4 48. Rb1 a2 49. Ra1 Kb3 50. Kd4 Ra5 51. f4 Kb2 52. Rxa2+ Rxa2 53. g5 Ra4+ 54. Kxd5 Kc3 55. g6 Kd3 56. g7 Ra5+ 57. Ke6 Ra6+ 58. Kf7 Ra7+ 59. Kg6 Ra6+ 60. Kg5 Ra1 61. f5 Rg1+ 62. Kf6 Ke4 63. Kf7 Rxg7+ 64. Kxg7 Kxf5 1/2-1/2

[Event "SUI-chT"]
[Site "Switzerland"]
[Date "1996.??.??"]
[Round "6"]
[White "Keller, Rudolf"]
[Black "Ernst, Rolf"]
[Result "1/2-1/2"]
[WhiteElo "2280"]
[BlackElo "2235"]
[PlyCount "65"]
[EventDate "1996.??.??"]
[EventType "team-tourn"]
[EventRounds "9"]
[EventCountry "SUI"]
[SourceTitle "CBM 055 Extra"]
[Source "ChessBase"]
[SourceDate "1997.01.01"]
[SourceVersion "1"]
[SourceVersionDate "1997.01.01"]
[SourceQuality "1"]

1. d4 d5 2. Nf3 c6 3. c3 Bf5 4. Bf4 Nd7 5. e3 Ngf6 6. Bd3 Bxd3 7. Qxd3 e6 8. Nbd2 Be7 9. h3 0-0 10. 0-0 c5 11. Ne5 Qb6 12. a4 Bd6 13. Rfd1 Qc7 14. Nxd7 Nxd7 15. Bxd6 Qxd6 16. e4 cxd4 17. Qxd4 Qb6 18. Qxb6 Nxb6 19. exd5 Nxd5 20. Nc4 Rfc8 21. Nd6 Rc7 22. g3 Kf8 23. c4 Nb4 24. b3 a6 25. Ne4 Ke7 26. Kf1 f5 27. Ng5 h6 28. Nf3 Nc6 29. Rd3 Rd8 30. Rxd8 Kxd8 31. Re1 Ke7 32. Re3 Rd7 33. Ke2 1/2-1/2

[Event "SUI-chT"]
[Site "Switzerland"]
[Date "1995.??.??"]
[Round "4"]
[White "Campora, Daniel Hugo"]
[Black "Keller, Rudolf"]
[Result "1-0"]
[WhiteElo "2550"]
[BlackElo "2285"]
[PlyCount "81"]
[EventDate "1995.??.??"]
[EventType "team-tourn"]
[EventRounds "9"]
[EventCountry "SUI"]
[SourceTitle "CBM 049 Extra"]
[Source "ChessBase"]
[SourceDate "1996.01.01"]
[SourceVersion "1"]
[SourceVersionDate "1996.01.01"]
[SourceQuality "1"]

1. e4 c5 2. Nf3 Nc6 3. Bb5 g6 4. 0-0 Bg7 5. Bxc6 bxc6 6. c3 Nf6 7. Re1 0-0 8. d4 cxd4 9. cxd4 d6 10. Nc3 Bg4 11. h3 Bxf3 12. Qxf3 Nd7 13. Be3 Qb6 14. Na4 Qb4 15. Qd1 Rab8 16. Rc1 Rfc8 17. b3 Nb6 18. Nb2 a5 19. Nc4 a4 20. Nxb6 Qxb6 21. bxa4 Qb2 22. Re2 Qa3 23. Rc4 d5 24. Bc1 Qd6 25. e5 Qd7 26. Rc3 e6 27. Ba3 Qa7 28. Bd6 Ra8 29. Rb2 Qxa4 30. Qd2 Qa7 31. Rcb3 Qa5 32. Qxa5 Rxa5 33. Rb8 Ra8 34. a4 Bf8 35. Rxc8 Rxc8 36. Rb8 Rxb8 37. Bxb8 c5 38. dxc5 Bxc5 39. a5 f6 40. exf6 Kf7 41. Be5 1-0

[Event "Lugano op"]
[Site "Lugano"]
[Date "1989.03.06"]
[Round "4"]
[White "Keller, Rudolf"]
[Black "Sarno, Spartaco"]
[Result "1/2-1/2"]
[WhiteElo "2315"]
[BlackElo "2270"]
[PlyCount "67"]
[EventDate "1989.03.03"]
[EventType "swiss"]
[EventRounds "9"]
[EventCountry "SUI"]
[SourceTitle "TD"]
[Source "ChessBase"]
[SourceDate "1994.03.01"]
[SourceVersion "1"]
[SourceVersionDate "1994.03.01"]
[SourceQuality "1"]

1. d4 Nf6 2. Nc3 g6 3. e4 d6 4. f4 Bg7 5. Nf3 c5 6. dxc5 Qa5 7. Bd3 Qxc5 8. Qe2 Nc6 9. Be3 Qh5 10. h3 Bg4 11. 0-0 Bxf3 12. Rxf3 Qa5 13. Bc4 0-0 14. Bb3 Nd7 15. Qe1 Nc5 16. Rd1 Rac8 17. Bf2 Qb4 18. a3 Bxc3 19. Rxc3 Qxe4 20. Bxc5 Qxe1+ 21. Rxe1 dxc5 22. Rxc5 e6 23. Ba4 Ne7 24. Rxc8 Rxc8 25. Rd1 Nd5 26. Rd4 Kf8 27. Kf2 Ke7 28. Bb3 Nb6 29. Ke3 Rc7 30. c3 Nd7 31. Ba4 Nb6 32. Bb3 Nd7 33. Ba4 Nb6 34. Bb3 1/2-1/2

[Event "Zuerich op 12th"]
[Site "Zuerich"]
[Date "1988.??.??"]
[Round "1"]
[White "Keller, Rudolf"]
[Black "Brunner, Lucas"]
[Result "0-1"]
[WhiteElo "2315"]
[BlackElo "2425"]
[PlyCount "96"]
[EventDate "1988.12.26"]
[EventType "swiss"]
[EventRounds "7"]
[EventCountry "SUI"]
[SourceTitle "EXT 1997"]
[Source "ChessBase"]
[SourceDate "1996.11.15"]
[SourceVersion "1"]
[SourceVersionDate "1996.11.15"]
[SourceQuality "1"]

1. d4 e6 2. Nc3 d5 3. e4 Bb4 4. e5 Ne7 5. Qg4 0-0 6. a3 Bxc3+ 7. bxc3 c5 8. Nf3 Nbc6 9. Bd3 f5 10. exf6 Rxf6 11. Qh4 h6 12. Ne5 Nxe5 13. dxe5 Rf7 14. Qg3 Kh8 15. 0-0 Bd7 16. Qh3 Qc7 17. Re1 c4 18. Bf1 Raf8 19. f4 Ng6 20. g3 Qb6+ 21. Be3 Qb2 22. Be2 Qxc3 23. Bh5 Ne7 24. Bxf7 Rxf7 25. Qh5 Kg8 26. Qe2 Nf5 27. Bxa7 d4 28. Red1 Bc6 29. Bc5 Nxg3 30. Qf2 Nf5 31. Rab1 Rd7 32. Bb4 Qh3 33. Bc5 Qg4+ 34. Kf1 Ne3+ 35. Ke1 Nxd1 36. Rxd1 d3 37. cxd3 cxd3 38. Be3 Qf5 39. Rd2 Qe4 40. Qg3 Qh1+ 41. Qg1 Qe4 42. Qg3 Bd5 43. Rb2 Rc7 44. Kd2 Qc4 45. Ke1 Qc3+ 46. Rd2 Qxa3 47. f5 Rc1+ 48. Kf2 Qa1 0-1

[Event "Zuerich op 12th"]
[Site "Zuerich"]
[Date "1988.??.??"]
[Round "6"]
[White "Novoselski, Zoran"]
[Black "Keller, Rudolf"]
[Result "1-0"]
[WhiteElo "2410"]
[BlackElo "2315"]
[PlyCount "71"]
[EventDate "1988.12.26"]
[EventType "swiss"]
[EventRounds "7"]
[EventCountry "SUI"]
[SourceTitle "EXT 1997"]
[Source "ChessBase"]
[SourceDate "1996.11.15"]
[SourceVersion "1"]
[SourceVersionDate "1996.11.15"]
[SourceQuality "1"]

1. e4 g6 2. d4 Bg7 3. h4 h5 4. Bc4 Nh6 5. Nh3 d6 6. Bg5 c5 7. c3 cxd4 8. Nf4 Nc6 9. 0-0 Ng4 10. Bxf7+ Kxf7 11. Qb3+ d5 12. Re1 Bf6 13. exd5 Na5 14. Qd1 Qd6 15. g3 d3 16. Nd2 Qb6 17. Qf3 Qxb2 18. Nxd3 Qa3 19. c4 Qd6 20. c5 Qd8 21. d6 Nc6 22. dxe7 Qd4 23. Nb3 Qd7 24. Ne5+ Ncxe5 25. Rxe5 Re8 26. Bxf6 Nxf6 27. Rae1 Qg4 28. Qc3 Bd7 29. Nd4 Bc6 30. Rg5 Qd7 31. Re6 Bd5 32. Rxf6+ Kxf6 33. Nc6+ Ke6 34. Rxg6+ Kf5 35. Rg5+ Ke6 36. Qe5+ 1-0